| 000 | 00690nam a2200193 a 4500 | ||
|---|---|---|---|
| 005 | 20220701131751.0 | ||
| 008 | 991125s1977 mx 000 0 spa u | ||
| 035 | _aUPN01000055443 | ||
| 049 | _aCE | ||
| 050 | 4 |
_aPN6053 _bC6.2 no.14 1977 |
|
| 100 | 1 |
_aMolière, _d1622-1673 _928202 |
|
| 245 | 1 | 0 |
_aTartufo ; El avaro ; Las preciosas ridículas / _cMoliére Jean Baptiste Poquelin ; tr. glosas explicativas y notas de Julio Gómez de la Serna ; nota prel. de Federico Carlos Sáinz de Robles. |
| 260 |
_aMéxico : _bAguilar, _c1977. |
||
| 300 | _a377 p. | ||
| 440 | 0 |
_aCrisol literario ; _v14 |
|
| 500 | _aEdición de lujo de bolsillo | ||
| 650 | 0 |
_aTeatro francés _96168 |
|
| 905 | _aLibro | ||
| 999 |
_c55443 _d55443 |
||